| 000 | 00518nam a2200181Ia 4500 | ||
|---|---|---|---|
| 999 |
_c30177 _d30177 |
||
| 003 | OSt | ||
| 005 | 20201130132318.0 | ||
| 008 | 190216s9999||||xx |||||||||||||| ||und|| | ||
| 020 | _a9788126452323 | ||
| 040 | _coclc | ||
| 082 |
_a894.8123 _bRAM/S |
||
| 100 |
_aRamakrishnan, T D _97031 |
||
| 245 | 0 |
_aSugandhi Enna Andal Devanayki / _cT D Ramakrishnan |
|
| 260 |
_bDc Books, _c2018. _aKottayam: |
||
| 300 | _a295p | ||
| 650 | _aMalayalam | ||
| 942 |
_cBK _2ddc _h894.8123 _iRAM/S _k894.8123 _mRAM/S |
||